00473nmm a2200157Ia 4500008004100000020001800041041000800059100001600067245007600083264004100159300001800200650002200218856005100240942000700291999001700298251105s9999||||xx |||||||||||||||||und|| a9788435025935 aspa aFlori, Jean 0aLa cruz, la tiara y la espada : las cruzadas : ideología y orígenes a[Madrid, España] :bEdhasa, c2015 a389 páginas aHistory (General) uhttps://public.digitaliapublishing.com/a/40271 cCF c82178d82178